Hatchet (Record no. 260504)
[ view plain ]
| 000 -LEADER | |
|---|---|
| fixed length control field | 00209nam a22000977a 4500 |
| 020 ## - INTERNATIONAL STANDARD BOOK NUMBER | |
| ISBN | 9781416936473 |
| 100 ## - MAIN ENTRY--AUTHOR NAME | |
| Personal name | Gary Paulsen |
| 245 ## - TITLE STATEMENT | |
| Title | Hatchet |
| 260 ## - PUBLICATION, DISTRIBUTION, ETC. (IMPRINT) | |
| Place of publication | New York |
| Name of publisher | Simon & Schuster |
| Year of publication | 1987 |
| 942 ## - ADDED ENTRY ELEMENTS (KOHA) | |
| Koha item type | Long Loan Books |
No items available.
